000 01347cam a22003254a 4500
001 12987928
003 NUST - PNEC
005 20170116181129.0
008 021031s2003 nyua b 001 0 eng
010 _a 2002040970
020 _a0071405569
040 _aDLC
_cLIBRARY
_dDLC
042 _apcc
050 0 0 _aTJ1187
_b.J67 2003
082 0 0 _a621.992 JOS
100 1 _aJoshi, P. H.
_q(Prakash Hiralal)
245 1 0 _aJigs and fixtures : design manual /
_cP.H. Joshi ; foreword and edited by Robert O. Parmley.
250 _a2nd ed.
260 _aNew York :
_bMcGraw-Hill,
_c2003.
300 _axii, 237 p. :
_bill. ;
_c23 cm.
440 0 _aMcGraw-Hill professional engineering
504 _aIncludes bibliographical references (p. [230]) and index.
650 0 _aJigs and fixtures.
_xME
856 4 2 _3Contributor biographical information
_uhttp://www.loc.gov/catdir/bios/mh041/2002040970.html
856 4 1 _3Table of contents
_uhttp://www.loc.gov/catdir/toc/mh031/2002040970.html
856 4 2 _3Publisher description
_uhttp://www.loc.gov/catdir/enhancements/fy0704/2002040970-d.html
906 _a7
_bcbc
_corignew
_d1
_eocip
_f20
_gy-gencatlg
942 _2ddc
_cBK
999 _c69892
_d69892